000
00308nam a22001337a 4500
020
_a
978-93-83197-33-0
082
_a
894.812
_b
TOM/K
100
_a
TOMY ABHILASH
245
_a
KADAL OTTAYKKU KSHANAICHAPPOL
260
_a
KOTTAYAM
_b
MANORAMA BOOKS
_c
2022
300
_a
144
520
_a
TRAVELLOGUE
942
_c
BK
999
_c
7779
_d
7779